000
00277nam a2200109Ia 4500
001
1259627
005
20260417140315.0
008
260417s9999 xx 000 0 und d
020
_a
9786253693053
245
0
_a
Kalemimle Kırk Sene
_c
Ayşe Kulin
260
_b
Everest Yayınları
999
_c
1259627
_d
1259627